Widok standardowy
Widok MARC
Pozycja Corporate Name
Liczba rekordów, w których użyto hasła: 1
001 - Numer kontrolny
- control field: 40888
003 - Identyfikator numeru kontrolnego
- control field: NUKAT
005 - Data i czas ostatniej modyfikacji
- control field: 20260429131043.0
008 - Dane kontrolne kodowane (40 znaków)
- fixed length control field: 101103n||a|znnaabn |a ana |c
010 ## - Numer kontrolny Biblioteki Kongresu
- numer kontrolny LC: n 2010069295
024 7# - OTHER STANDARD IDENTIFIER
- Standard number or code: 311298362
- Source of number or code: viaf
040 ## - Instytucja sporządzająca rekord
- inst. przygot. dane do rek. khw: WA U/JEK
- język haseł przedmiotowych/tezaurus: kaba
- inst. wprow. rek. khw: WA U/JEK
110 1# - Hasło - nazwa ciała zbiorowego
- nazwa ciała zbior. lub geogr. na pocz.: Polska.
- nazwa jednostki podrzędnej: Wojsko Polskie (1918-1939).
- nazwa jednostki podrzędnej: Okręg Korpusu nr IX (Brześć).
410 2# - Trop zob. - nazwa ciała zbiorowego
- nazwa ciała zbior. lub geogr. na pocz.: Wojsko Polskie (1918-1939).
- nazwa jednostki podrzędnej: Okręg Korpusu nr IX Brześć.
410 2# - Trop zob. - nazwa ciała zbiorowego
- nazwa ciała zbior. lub geogr. na pocz.: Okręg Korpusu nr IX Brześć n. Bugiem.
410 2# - Trop zob. - nazwa ciała zbiorowego
- nazwa ciała zbior. lub geogr. na pocz.: Okręg Korpusu Wojska Polskiego nr 9 w Brześciu n. Bugiem.
410 2# - Trop zob. - nazwa ciała zbiorowego
- nazwa ciała zbior. lub geogr. na pocz.: OK IX.
665 ## - Nota historyczna
- nota historyczna: Okręg Korpusu Wojska Polskiego nr IX w Brześciu n. Bugiem powstał w 1921.
670 ## - Źródło informacji
- źródło informacji: Album oficerów Szefostwa Intendentury O. K. No IX i podległych Zakładów Gospodarczych : na tle wspomnień por. Talarskiego Eustachego od dnia powstania Szefostwa Int. O. K. No IX : z biografją ppułk. int. Józefa Marjańskiego Szefa Int. O. K. No IX i maj. int. Bukowczana Józefa. - Warszawa, 1923.
670 ## - Źródło informacji
- źródło informacji: pl.wikipedia, 3.11.10
- adres internetowy: http://pl.wikipedia.org/wiki/Dow%C3%B3dztwo_Okr%C4%99gu_Korpusu